| 000 | 00938nam a2200241 a 4500 | ||
|---|---|---|---|
| 008 | 120416s1993 ||||||||||||||||| || u | ||
| 020 | _a0521459230 | ||
| 050 | _aK 110 Fis | ||
| 100 | _aFisse, Brent | ||
| 245 | 1 | 0 | _aCorporations, crime and accountability |
| 260 |
_aCambridge _bThe University Press _c1993 |
||
| 300 | _avi, 279 p. | ||
| 350 | _a0.00 | ||
| 490 | _aTheories of institutional design | ||
| 500 | _aIncludes bibliographical references (p. [239]-265) and index. | ||
| 650 | _aCRIMINAL LIABILITY OF JUSTICE PERSONS | ||
| 650 | _aLAW | ||
| 650 | _aCORPORATION LAW--CRIMINAL PROVISIONS | ||
| 700 | _aBraithwaite, John | ||
| 856 | _uhttp://www.loc.gov/catdir/description/cam025/93017067.html | ||
| 856 | _uhttp://www.loc.gov/catdir/toc/cam028/93017067.html | ||
| 995 |
_D0.00 _FCBU-MAIN LIBRARY (Kitwe) _H1 _I12.95 _M1 _UAVAILABLE _ZMain Library Open Access Collection |
||
| 999 |
_c38930 _d38930 |
||